<?xml version="1.0" encoding="UTF-8"?>
<record
    xmlns:xsi="http://www.w3.org/2001/XMLSchema-instance"
    xsi:schemaLocation="http://www.loc.gov/MARC21/slim http://www.loc.gov/standards/marcxml/schema/MARC21slim.xsd"
    xmlns="http://www.loc.gov/MARC21/slim">

  <leader>01313aam a2200493   4500</leader>
  <controlfield tag="005">20240308133241.0</controlfield>
  <controlfield tag="008">150410b        xxu||||| |||| 00| 0 spa d</controlfield>
  <datafield tag="020" ind1=" " ind2=" ">
    <subfield code="a">9789701062012</subfield>
  </datafield>
  <datafield tag="041" ind1=" " ind2=" ">
    <subfield code="a">ESP</subfield>
  </datafield>
  <datafield tag="082" ind1=" " ind2=" ">
    <subfield code="a">658.8 S792f14</subfield>
  </datafield>
  <datafield tag="100" ind1=" " ind2=" ">
    <subfield code="a">J. Stanton, William</subfield>
  </datafield>
  <datafield tag="100" ind1=" " ind2=" ">
    <subfield code="a">J. Etzel, Michael</subfield>
  </datafield>
  <datafield tag="100" ind1=" " ind2=" ">
    <subfield code="a">J. Walker, Bruce</subfield>
  </datafield>
  <datafield tag="245" ind1=" " ind2=" ">
    <subfield code="a">Fundamentos de Marketing</subfield>
  </datafield>
  <datafield tag="250" ind1=" " ind2=" ">
    <subfield code="a">14 edici&#xF3;n</subfield>
  </datafield>
  <datafield tag="260" ind1=" " ind2=" ">
    <subfield code="a">M&#xE9;xico</subfield>
  </datafield>
  <datafield tag="260" ind1=" " ind2=" ">
    <subfield code="b">McGraw-Hill</subfield>
  </datafield>
  <datafield tag="260" ind1=" " ind2=" ">
    <subfield code="c">2007</subfield>
  </datafield>
  <datafield tag="300" ind1=" " ind2=" ">
    <subfield code="a">741 p&#xE1;ginas</subfield>
  </datafield>
  <datafield tag="505" ind1=" " ind2=" ">
    <subfield code="a">Contiene disco compacto N&#xB0; 467</subfield>
  </datafield>
  <datafield tag="505" ind1=" " ind2=" ">
    <subfield code="a">Disco compacto contiene aplicaci&#xF3;n con simulaci&#xF3;n de compa&#xF1;&#xED;a 

</subfield>
  </datafield>
  <datafield tag="650" ind1=" " ind2=" ">
    <subfield code="a">MERCADEO</subfield>
  </datafield>
  <datafield tag="650" ind1=" " ind2=" ">
    <subfield code="a">MARKETING</subfield>
  </datafield>
  <datafield tag="650" ind1=" " ind2=" ">
    <subfield code="a">MERCADOS GLOBALES</subfield>
  </datafield>
  <datafield tag="650" ind1=" " ind2=" ">
    <subfield code="a">IDENTIFICACI&#xD3;N DE MERCADOS</subfield>
  </datafield>
  <datafield tag="650" ind1=" " ind2=" ">
    <subfield code="a">MERCADOS DE CONSUMO</subfield>
  </datafield>
  <datafield tag="650" ind1=" " ind2=" ">
    <subfield code="a">SEGMENTACI&#xD3;N DE MERCADOS</subfield>
  </datafield>
  <datafield tag="650" ind1=" " ind2=" ">
    <subfield code="a">INVESTIGACI&#xD3;N DE MERCADOS</subfield>
  </datafield>
  <datafield tag="650" ind1=" " ind2=" ">
    <subfield code="a">COMUNICACI&#xD3;N</subfield>
  </datafield>
  <datafield tag="650" ind1=" " ind2=" ">
    <subfield code="a">PUBLICIDAD</subfield>
  </datafield>
  <datafield tag="650" ind1=" " ind2=" ">
    <subfield code="a">PLANEACI&#xD3;N ESTRAT&#xC9;GICA</subfield>
  </datafield>
  <datafield tag="650" ind1=" " ind2=" ">
    <subfield code="a">EVALUACI&#xD3;N DE MARKETING</subfield>
  </datafield>
  <datafield tag="650" ind1=" " ind2=" ">
    <subfield code="a">PLANEACI&#xD3;N DEL PRODUCTO</subfield>
  </datafield>
  <datafield tag="650" ind1=" " ind2=" ">
    <subfield code="a">MARCAS</subfield>
  </datafield>
  <datafield tag="650" ind1=" " ind2=" ">
    <subfield code="a">MARKETING DE SERVICIOS</subfield>
  </datafield>
  <datafield tag="650" ind1=" " ind2=" ">
    <subfield code="a">PRECIOS</subfield>
  </datafield>
  <datafield tag="650" ind1=" " ind2=" ">
    <subfield code="a">CANALES DE DISTRIBUCI&#xD3;N</subfield>
  </datafield>
  <datafield tag="650" ind1=" " ind2=" ">
    <subfield code="a">VENTAS</subfield>
  </datafield>
  <datafield tag="650" ind1=" " ind2=" ">
    <subfield code="a">PROMOCI&#xD3;N</subfield>
  </datafield>
  <datafield tag="942" ind1=" " ind2=" ">
    <subfield code="c">BK</subfield>
    <subfield code="2">ddc</subfield>
  </datafield>
  <datafield tag="999" ind1=" " ind2=" ">
    <subfield code="c">4461</subfield>
    <subfield code="d">4461</subfield>
  </datafield>
  <datafield tag="952" ind1=" " ind2=" ">
    <subfield code="o">658.8 S792f14</subfield>
    <subfield code="p">13384</subfield>
    <subfield code="x">DAE </subfield>
    <subfield code="x"> SE </subfield>
    <subfield code="x"> TU</subfield>
    <subfield code="y">BK</subfield>
  </datafield>
  <datafield tag="952" ind1=" " ind2=" ">
    <subfield code="o">658.8 S792f14</subfield>
    <subfield code="p">13385</subfield>
    <subfield code="x">DAE </subfield>
    <subfield code="x"> SE </subfield>
    <subfield code="x"> TU</subfield>
    <subfield code="y">BK</subfield>
  </datafield>
  <datafield tag="952" ind1=" " ind2=" ">
    <subfield code="o">658.8 S792f14</subfield>
    <subfield code="p">13386</subfield>
    <subfield code="x">DAE </subfield>
    <subfield code="x"> SE </subfield>
    <subfield code="x"> TU</subfield>
    <subfield code="y">BK</subfield>
  </datafield>
  <datafield tag="952" ind1=" " ind2=" ">
    <subfield code="o">658.8 S792f14</subfield>
    <subfield code="p">13387</subfield>
    <subfield code="y">BK</subfield>
  </datafield>
  <datafield tag="952" ind1=" " ind2=" ">
    <subfield code="o">658.8 S792f14</subfield>
    <subfield code="p">13388</subfield>
    <subfield code="x">DAE </subfield>
    <subfield code="x"> SE </subfield>
    <subfield code="x"> TU</subfield>
    <subfield code="y">BK</subfield>
  </datafield>
  <datafield tag="952" ind1=" " ind2=" ">
    <subfield code="o">658.8 S792f14</subfield>
    <subfield code="p">17180</subfield>
    <subfield code="x">DAE </subfield>
    <subfield code="x"> SE </subfield>
    <subfield code="x"> TU</subfield>
    <subfield code="y">BK</subfield>
  </datafield>
  <datafield tag="952" ind1=" " ind2=" ">
    <subfield code="o">658.8 S792f14</subfield>
    <subfield code="p">17181</subfield>
    <subfield code="x">DAE </subfield>
    <subfield code="x"> SE </subfield>
    <subfield code="x"> TU</subfield>
    <subfield code="y">BK</subfield>
  </datafield>
  <datafield tag="952" ind1=" " ind2=" ">
    <subfield code="o">658.8 S792f14</subfield>
    <subfield code="p">17182</subfield>
    <subfield code="x">DAE </subfield>
    <subfield code="x"> SE </subfield>
    <subfield code="x"> TU</subfield>
    <subfield code="y">BK</subfield>
  </datafield>
  <datafield tag="952" ind1=" " ind2=" ">
    <subfield code="o">658.8 S792f14</subfield>
    <subfield code="p">17183</subfield>
    <subfield code="x">DAE </subfield>
    <subfield code="x"> SE </subfield>
    <subfield code="x"> TU</subfield>
    <subfield code="y">BK</subfield>
  </datafield>
  <datafield tag="952" ind1=" " ind2=" ">
    <subfield code="o">658.8 S792f14</subfield>
    <subfield code="p">17184</subfield>
    <subfield code="x">DAE </subfield>
    <subfield code="x"> SE </subfield>
    <subfield code="x"> TU</subfield>
    <subfield code="y">BK</subfield>
  </datafield>
  <datafield tag="952" ind1=" " ind2=" ">
    <subfield code="o">658.8 S792f14</subfield>
    <subfield code="p">17185</subfield>
    <subfield code="x">DAE </subfield>
    <subfield code="x"> SE </subfield>
    <subfield code="x"> TU</subfield>
    <subfield code="y">BK</subfield>
  </datafield>
  <datafield tag="952" ind1=" " ind2=" ">
    <subfield code="o">658.8 S792f14</subfield>
    <subfield code="p">17186</subfield>
    <subfield code="x">DAE </subfield>
    <subfield code="x"> SE </subfield>
    <subfield code="x"> TU</subfield>
    <subfield code="y">BK</subfield>
  </datafield>
  <datafield tag="952" ind1=" " ind2=" ">
    <subfield code="o">658.8 S792f14</subfield>
    <subfield code="p">467ADC</subfield>
    <subfield code="x">DAE </subfield>
    <subfield code="x"> SE </subfield>
    <subfield code="x"> TU</subfield>
    <subfield code="y">CD</subfield>
  </datafield>
  <datafield tag="952" ind1=" " ind2=" ">
    <subfield code="o">658.8 S792f14</subfield>
    <subfield code="p">467BDC</subfield>
    <subfield code="x">DAE </subfield>
    <subfield code="x"> SE </subfield>
    <subfield code="x"> TU</subfield>
    <subfield code="y">CD</subfield>
  </datafield>
  <datafield tag="952" ind1=" " ind2=" ">
    <subfield code="o">658.8 S792f14</subfield>
    <subfield code="p">467CDC</subfield>
    <subfield code="x">DAE </subfield>
    <subfield code="x"> SE </subfield>
    <subfield code="x"> TU</subfield>
    <subfield code="y">CD</subfield>
  </datafield>
  <datafield tag="952" ind1=" " ind2=" ">
    <subfield code="o">658.8 S792f14</subfield>
    <subfield code="p">467DDC</subfield>
    <subfield code="x">DAE </subfield>
    <subfield code="x"> SE </subfield>
    <subfield code="x"> TU</subfield>
    <subfield code="y">CD</subfield>
  </datafield>
  <datafield tag="952" ind1=" " ind2=" ">
    <subfield code="o">658.8 S792f14</subfield>
    <subfield code="p">467EDC</subfield>
    <subfield code="x">DAE </subfield>
    <subfield code="x"> SE </subfield>
    <subfield code="x"> TU</subfield>
    <subfield code="y">CD</subfield>
  </datafield>
  <datafield tag="952" ind1=" " ind2=" ">
    <subfield code="o">658.8 S792f14</subfield>
    <subfield code="p">467FDC</subfield>
    <subfield code="x">DAE </subfield>
    <subfield code="x"> SE </subfield>
    <subfield code="x"> TU</subfield>
    <subfield code="y">CD</subfield>
  </datafield>
  <datafield tag="952" ind1=" " ind2=" ">
    <subfield code="o">658.8 S792f14</subfield>
    <subfield code="p">467GDC</subfield>
    <subfield code="x">DAE </subfield>
    <subfield code="x"> SE </subfield>
    <subfield code="x"> TU</subfield>
    <subfield code="y">CD</subfield>
  </datafield>
  <datafield tag="952" ind1=" " ind2=" ">
    <subfield code="o">658.8 S792f14</subfield>
    <subfield code="p">467HDC</subfield>
    <subfield code="x">DAE </subfield>
    <subfield code="x"> SE </subfield>
    <subfield code="x"> TU</subfield>
    <subfield code="y">CD</subfield>
  </datafield>
  <datafield tag="952" ind1=" " ind2=" ">
    <subfield code="o">658.8 S792f14</subfield>
    <subfield code="p">467IDC</subfield>
    <subfield code="x">DAE </subfield>
    <subfield code="x"> SE </subfield>
    <subfield code="x"> TU</subfield>
    <subfield code="y">CD</subfield>
  </datafield>
  <datafield tag="952" ind1=" " ind2=" ">
    <subfield code="o">658.8 S792f14</subfield>
    <subfield code="p">467JDC</subfield>
    <subfield code="x">DAE </subfield>
    <subfield code="x"> SE </subfield>
    <subfield code="x"> TU</subfield>
    <subfield code="y">CD</subfield>
  </datafield>
  <datafield tag="952" ind1=" " ind2=" ">
    <subfield code="o">658.8 S792f14</subfield>
    <subfield code="p">467KDC</subfield>
    <subfield code="x">DAE </subfield>
    <subfield code="x"> SE </subfield>
    <subfield code="x"> TU</subfield>
    <subfield code="y">CD</subfield>
  </datafield>
</record>
